Mind and body : (Record no. 1206)

MARC details
000 -LEADER
fixed length control field 01107nam a2200361 a 4500
005 - DATE AND TIME OF LATEST TRANSACTION
control field 20260322212051.0
008 - FIXED-LENGTH DATA ELEMENTS--GENERAL INFORMATION
fixed length control field data
010 ## - LIBRARY OF CONGRESS CONTROL NUMBER
LC control number 85013496
020 ## - INTERNATIONAL STANDARD BOOK NUMBER
International Standard Book Number 0880480432 :
Terms of availability {dollar}22.50
020 ## - INTERNATIONAL STANDARD BOOK NUMBER
International Standard Book Number 9780880480437 :
Terms of availability {dollar}22.50
040 ## - CATALOGING SOURCE
Original cataloging agency DNLM/DLC
Transcribing agency DLC
Modifying agency CStRLIN
050 0# - LIBRARY OF CONGRESS CALL NUMBER
Classification number R726.5
Item number .G74 1985
060 ## - NATIONAL LIBRARY OF MEDICINE CALL NUMBER
Classification number WM 178 G798m
096 ## - LOCALLY ASSIGNED NLM-TYPE CALL NUMBER (OCLC)
Classification number WM 178 G798m 1985
001 - CONTROL NUMBER
control field data
100 1# - MAIN ENTRY--PERSONAL NAME
Personal name Green, Stephen A.,
Dates associated with a name 1945-
245 10 - TITLE STATEMENT
Title Mind and body :
Remainder of title the psychology of physical illness /
Statement of responsibility, etc. Stephen A. Green.
260 0# - PUBLICATION, DISTRIBUTION, ETC.
Place of publication, distribution, etc. Washington, DC :
Name of publisher, distributor, etc. American Psychiatric Press,
Date of publication, distribution, etc. c1985.
300 ## - PHYSICAL DESCRIPTION
Extent xvi, 205 p. :
Other physical details ill. ;
Dimensions 24 cm.
500 ## - GENERAL NOTE
General note Includes index.
504 ## - BIBLIOGRAPHY, ETC. NOTE
Bibliography, etc. note Bibliography: p. 199-202.
590 ## - LOCAL NOTE (RLIN)
Local note Bibliography: p. 199-202.
590 ## - LOCAL NOTE (RLIN)
Local note Includes index.
650 #0 - SUBJECT ADDED ENTRY--TOPICAL TERM
Topical term or geographic name entry element Sick
General subdivision Psychology.
650 #0 - SUBJECT ADDED ENTRY--TOPICAL TERM
Topical term or geographic name entry element Sick
Form subdivision Interviews.
650 #0 - SUBJECT ADDED ENTRY--TOPICAL TERM
Topical term or geographic name entry element Medicine, Psychosomatic.
650 #0 - SUBJECT ADDED ENTRY--TOPICAL TERM
Topical term or geographic name entry element Mind and body.
650 #0 - SUBJECT ADDED ENTRY--TOPICAL TERM
Topical term or geographic name entry element Medicine and psychology.
650 #2 - SUBJECT ADDED ENTRY--TOPICAL TERM
Topical term or geographic name entry element Acute Disease
General subdivision psychology.
650 #2 - SUBJECT ADDED ENTRY--TOPICAL TERM
Topical term or geographic name entry element Chronic Disease
General subdivision psychology.
650 #2 - SUBJECT ADDED ENTRY--TOPICAL TERM
Topical term or geographic name entry element Physician-Patient Relations.
650 #2 - SUBJECT ADDED ENTRY--TOPICAL TERM
Topical term or geographic name entry element Sick Role.
Holdings
Withdrawn status Lost status Damaged status Not for loan Home library Current library Shelving location Date acquired Total checkouts Full call number Barcode Date last seen Price effective from Koha item type
        Franklin Franklin General stacks 22/03/2026   R726.5 .G74 1985 BC0011245 22/03/2026 22/03/2026 Books